[Event "Pan American Amateur-ch"]
[Site "Curitiba"]
[Date "2015.12.20"]
[Round "9"]
[White "Pedruzzi, Pedro Henrique"]
[Black "Toro Henao, Juan Sebastian"]
[Result "0-1"]
[WhiteElo "1949"]
[BlackElo "1922"]
[PlyCount "100"]
[EventDate "2015.12.16"]
[EventType "swiss"]
[EventRounds "9"]
[EventCountry "BRA"]
[SourceTitle "CBM 170 Extra"]
[Source "ChessBase"]
[SourceDate "2016.02.25"]
[SourceVersion "1"]
[SourceVersionDate "2016.02.25"]
[SourceQuality "1"]

1. Nf3 d5 2. b3 Nf6 3. Bb2 Bf5 4. e3 e6 5. d4 c6 6. Be2 h6 7. 0-0 Bd6 8. c4 Nbd7 9. Nc3 0-0 10. Rc1 Qe7 11. Re1 Rad8 12. Bf1 Ne4 13. Nd2 Bxh2+ 14. Kxh2 Qh4+ 15. Kg1 Qxf2+ 16. Kh1 Nxd2 17. Qe2 Qh4+ 18. Kg1 Ne4 19. Nxe4 Bxe4 20. Qf2 Qxf2+ 21. Kxf2 f5 22. g3 Nf6 23. Bh3 Rf7 24. Bc3 Bb1 25. Bg2 Be4 26. Re2 Bxg2 27. Kxg2 Ne4 28. Rcc2 Rdd7 29. Bb4 Rf6 30. a4 Rg6 31. Be1 Rg4 32. Kh3 h5 33. Rh2 g6 34. Kg2 Rh7 35. Kf3 g5 36. Rh1 Kg7 37. a5 a6 38. c5 Kg6 39. Ra2 Nf6 40. Ra4 Re4 41. Ra2 Ng4 42. Re2 e5 43. Bc3 Re7 44. Rd1 exd4 45. Bxd4 f4 46. gxf4 gxf4 47. Rg2 Kf5 48. Rgg1 Rxe3+ 49. Bxe3 Rxe3+ 50. Kg2 Rg3+ 0-1

[Event "Pan American Amateur-ch"]
[Site "Curitiba"]
[Date "2015.12.19"]
[Round "7"]
[White "Pedruzzi, Pedro Henrique"]
[Black "Nemeth Junior, Henrique"]
[Result "1/2-1/2"]
[WhiteElo "1949"]
[BlackElo "1967"]
[PlyCount "42"]
[EventDate "2015.12.16"]
[EventType "swiss"]
[EventRounds "9"]
[EventCountry "BRA"]
[SourceTitle "CBM 170 Extra"]
[Source "ChessBase"]
[SourceDate "2016.02.25"]
[SourceVersion "1"]
[SourceVersionDate "2016.02.25"]
[SourceQuality "1"]

1. d4 d5 2. c4 c6 3. Nc3 Nf6 4. cxd5 cxd5 5. Nf3 e6 6. Bf4 Bd6 7. Bxd6 Qxd6 8. e3 a6 9. Bd3 0-0 10. 0-0 b5 11. a3 Bb7 12. Qe2 Nbd7 13. Rac1 Ne4 14. Nd2 Ndf6 15. Ncxe4 Nxe4 16. Nxe4 dxe4 17. Bb1 Rac8 18. Ba2 Bd5 19. Bxd5 Qxd5 20. Qd2 Qb7 21. Rxc8 Rxc8 1/2-1/2

[Event "Pan American Amateur-ch"]
[Site "Curitiba"]
[Date "2015.12.18"]
[Round "5"]
[White "Zimmermann, Kleber Renato P"]
[Black "Pedruzzi, Pedro Henrique"]
[Result "1/2-1/2"]
[WhiteElo "1925"]
[BlackElo "1949"]
[PlyCount "57"]
[EventDate "2015.12.16"]
[EventType "swiss"]
[EventRounds "9"]
[EventCountry "BRA"]
[SourceTitle "CBM 170 Extra"]
[Source "ChessBase"]
[SourceDate "2016.02.25"]
[SourceVersion "1"]
[SourceVersionDate "2016.02.25"]
[SourceQuality "1"]

1. d4 Nf6 2. Nf3 c5 3. d5 d6 4. c4 e5 5. Nc3 Nbd7 6. e4 Be7 7. Be2 Nf8 8. 0-0 Ng6 9. Ne1 0-0 10. Nd3 Nd7 11. g3 Nb6 12. b3 Bh3 13. Re1 Bg5 14. Bg4 Bxc1 15. Rxc1 Bxg4 16. Qxg4 Nd7 17. Nd1 Nf6 18. Qf3 Qd7 19. Ne3 Ne7 20. Qg2 Ng4 21. Nxg4 Qxg4 22. f4 f6 23. Rc2 b5 24. f5 bxc4 25. Rxc4 g6 26. fxg6 Qxg6 27. b4 cxb4 28. Nxb4 f5 29. Nc6 1/2-1/2

[Event "Pan American Amateur-ch"]
[Site "Curitiba"]
[Date "2015.12.16"]
[Round "2"]
[White "De Almeida, Guilherme Pereira"]
[Black "Pedruzzi, Pedro Henrique"]
[Result "0-1"]
[WhiteElo "1814"]
[BlackElo "1949"]
[PlyCount "76"]
[EventDate "2015.12.16"]
[EventType "swiss"]
[EventRounds "9"]
[EventCountry "BRA"]
[SourceTitle "CBM 170 Extra"]
[Source "ChessBase"]
[SourceDate "2016.02.25"]
[SourceVersion "1"]
[SourceVersionDate "2016.02.25"]
[SourceQuality "1"]

1. Nf3 d6 2. d3 g6 3. g3 Nf6 4. Bg2 Bg7 5. 0-0 0-0 6. e4 c6 7. Nbd2 Nbd7 8. a4 e5 9. Nc4 Qc7 10. a5 d5 11. Ncd2 Nc5 12. Re1 Re8 13. b4 Na6 14. Ba3 dxe4 15. dxe4 Be6 16. Qe2 Rad8 17. Rad1 h6 18. Nc4 Nh5 19. Rd2 Rxd2 20. Nfxd2 Rd8 21. Qe3 Rd4 22. c3 Rxc4 23. Nxc4 Bxc4 24. Qxa7 Qd7 25. Qe3 Nc7 26. Bf3 Nb5 27. Bb2 Nf6 28. Rd1 Qh3 29. Rd8+ Kh7 30. Bg2 Qh5 31. f3 Nc7 32. Qb6 Ne6 33. Ra8 Nxe4 34. Qe3 Nd6 35. Qd2 Qf5 36. Bc1 Nb5 37. Rb8 Ng5 38. Kf2 Ne4+ 0-1

[Event "Pan American Amateur-ch"]
[Site "Curitiba"]
[Date "2015.12.16"]
[Round "1"]
[White "Pedruzzi, Pedro Henrique"]
[Black "Santa Isabel, Marivaldo dos Reis"]
[Result "1-0"]
[WhiteElo "1949"]
[BlackElo "1660"]
[PlyCount "75"]
[EventDate "2015.12.16"]
[EventType "swiss"]
[EventRounds "9"]
[EventCountry "BRA"]
[SourceTitle "CBM 170 Extra"]
[Source "ChessBase"]
[SourceDate "2016.02.25"]
[SourceVersion "1"]
[SourceVersionDate "2016.02.25"]
[SourceQuality "1"]

1. c4 c5 2. Nf3 Nc6 3. e3 Nf6 4. d4 cxd4 5. exd4 d5 6. Nc3 g6 7. Bf4 a6 8. c5 Bg7 9. h3 Nh5 10. Bh2 0-0 11. Be2 Nf6 12. Ne5 Nd7 13. Nxc6 bxc6 14. 0-0 e5 15. dxe5 Nxe5 16. Qa4 Bb7 17. Rfe1 Re8 18. Rad1 f5 19. Bf1 Qf6 20. Qb3 Qf7 21. Na4 Rab8 22. Bf4 h6 23. Qg3 Nd7 24. Bxb8 Nxb8 25. Rxe8+ Qxe8 26. Re1 Qxe1 27. Qxb8+ Kh7 28. Qxb7 d4 29. Qxa6 h5 30. Qe2 Qb4 31. Qc4 Qe1 32. b4 d3 33. Qxd3 Qxb4 34. Qc4 Qe1 35. Nb6 Qd1 36. Nc8 Kh6 37. Ne7 Qd7 38. Qf7 1-0

[Event "Curitiba Regional-ch"]
[Site "Curitiba"]
[Date "2015.03.14"]
[Round "3"]
[White "Pedruzzi, Pedro Henrique"]
[Black "Lopes, Rafael"]
[Result "1-0"]
[WhiteElo "1879"]
[BlackElo "1836"]
[PlyCount "57"]
[EventDate "2015.03.13"]
[EventType "tourn"]
[EventRounds "9"]
[EventCountry "BRA"]
[SourceTitle "EXT 2016"]
[Source "ChessBase"]
[SourceDate "2015.10.08"]
[SourceVersion "1"]
[SourceVersionDate "2015.10.08"]
[SourceQuality "1"]

1. c4 Nf6 2. Nc3 e6 3. g3 c5 4. Bg2 Be7 5. Nf3 Nc6 6. d3 0-0 7. 0-0 a6 8. e4 d6 9. d4 e5 10. dxe5 dxe5 11. Bg5 Bg4 12. Bxf6 Bxf6 13. Qd5 Bxf3 14. Bxf3 Nd4 15. Bg4 Qa5 16. Qd7 b5 17. cxb5 Rfd8 18. Qb7 axb5 19. Nd5 Ra7 20. Qb6 Qxb6 21. Nxb6 Rd6 22. Nc8 Rda6 23. Nxa7 Rxa7 24. Rfc1 c4 25. Bd1 Be7 26. a4 bxa4 27. Rxc4 g6 28. Rcxa4 Rb7 29. Ra7 1-0

[Event "Parana-ch"]
[Site "Curitiba"]
[Date "2015.01.30"]
[Round "5"]
[White "Pedruzzi, Pedro Henrique"]
[Black "Taha, Najla Mohamad"]
[Result "1-0"]
[WhiteElo "1812"]
[BlackElo "1876"]
[PlyCount "39"]
[EventDate "2015.01.28"]
[EventType "swiss"]
[EventRounds "8"]
[EventCountry "BRA"]
[SourceTitle "CBM 164 Extra"]
[Source "ChessBase"]
[SourceDate "2015.03.02"]
[SourceVersion "1"]
[SourceVersionDate "2015.03.02"]
[SourceQuality "1"]

1. d4 Nf6 2. Nf3 e6 3. g3 b6 4. Bg2 Bb7 5. 0-0 d5 6. c4 Be7 7. Nc3 0-0 8. cxd5 Nxd5 9. Bd2 Nd7 10. Rc1 Nxc3 11. Bxc3 Nf6 12. Qa4 Nd5 13. Bd2 Bf6 14. e4 b5 15. Qxb5 Nb6 16. Bb4 Re8 17. e5 a5 18. exf6 Qxf6 19. Qh5 axb4 20. Ng5 1-0

[Event "Florianopolis op"]
[Site "Florianopolis"]
[Date "2015.01.18"]
[Round "9"]
[White "Pedruzzi, Pedro Henrique"]
[Black "De Almeida, Tiago"]
[Result "1/2-1/2"]
[WhiteElo "1812"]
[BlackElo "2019"]
[PlyCount "29"]
[EventDate "2015.01.14"]
[EventType "swiss"]
[EventRounds "10"]
[EventCountry "BRA"]
[SourceTitle "CBM 164 Extra"]
[Source "ChessBase"]
[SourceDate "2015.03.02"]
[SourceVersion "1"]
[SourceVersionDate "2015.03.02"]
[SourceQuality "1"]

1. d4 Nf6 2. c4 g6 3. Nc3 Bg7 4. e4 d6 5. Nge2 0-0 6. Ng3 Nc6 7. d5 Ne5 8. Be2 c6 9. Bg5 Qb6 10. Qd2 Bg4 11. f3 Bc8 12. Be3 Qb4 13. a3 Qb3 14. Bd1 Qxc4 15. Be2 1/2-1/2

[Event "Florianopolis op"]
[Site "Florianopolis"]
[Date "2015.01.18"]
[Round "10"]
[White "Ribeiro, Regina"]
[Black "Pedruzzi, Pedro Henrique"]
[Result "1-0"]
[WhiteElo "1967"]
[BlackElo "1812"]
[PlyCount "129"]
[EventDate "2015.01.14"]
[EventType "swiss"]
[EventRounds "10"]
[EventCountry "BRA"]
[SourceTitle "CBM 164 Extra"]
[Source "ChessBase"]
[SourceDate "2015.03.02"]
[SourceVersion "1"]
[SourceVersionDate "2015.03.02"]
[SourceQuality "1"]

1. Nf3 Nf6 2. g3 c5 3. Bg2 Nc6 4. d4 d5 5. 0-0 cxd4 6. Nxd4 e6 7. c4 Be7 8. Nc3 0-0 9. cxd5 exd5 10. h3 a6 11. Be3 Re8 12. Rc1 Bd7 13. Kh2 Nxd4 14. Qxd4 Bc6 15. Rfd1 Qa5 16. Qb6 Qxb6 17. Bxb6 Bb4 18. e3 Bxc3 19. Rxc3 h6 20. Rc2 Rac8 21. b3 Ne4 22. f3 Nf6 23. h4 Ra8 24. a4 Rac8 25. g4 Nd7 26. Bd4 Nf8 27. Kg3 Ne6 28. Bb6 g5 29. Rh1 Kg7 30. Bf1 d4 31. hxg5 hxg5 32. Rch2 Bd5 33. Rh7+ Kf6 34. R7h6+ Ke7 35. exd4 Rc3 36. Be2 Rxb3 37. Bc5+ Kd7 38. Bd1 Rb2 39. R1h2 Rb1 40. Bc2 Rg1+ 41. Kf2 Ra1 42. Bb6 Ra2 43. Kg3 Ra3 44. Rf2 Rc8 45. Rf6 Ke7 46. Rxe6+ fxe6 47. Bc5+ Rxc5 48. dxc5 Rc3 49. Bd1 Rc1 50. Bc2 Kd7 51. f4 Rg1+ 52. Kh3 gxf4 53. Rxf4 Rh1+ 54. Kg3 Kc6 55. Be4 Kxc5 56. Bxh1 Bxh1 57. g5 e5 58. Rh4 Bd5 59. g6 b5 60. axb5 axb5 61. Kf2 b4 62. Ke3 b3 63. Kd2 Kd6 64. g7 Ke7 65. Rh8 1-0

[Event "Florianopolis op"]
[Site "Florianopolis"]
[Date "2015.01.17"]
[Round "7"]
[White "Pedruzzi, Pedro Henrique"]
[Black "Da Silva De Sena, Jefferson Ryan F"]
[Result "1/2-1/2"]
[WhiteElo "1812"]
[BlackElo "2000"]
[PlyCount "47"]
[EventDate "2015.01.14"]
[EventType "swiss"]
[EventRounds "10"]
[EventCountry "BRA"]
[SourceTitle "CBM 164 Extra"]
[Source "ChessBase"]
[SourceDate "2015.03.02"]
[SourceVersion "1"]
[SourceVersionDate "2015.03.02"]
[SourceQuality "1"]

1. d4 Nf6 2. c4 g6 3. Nc3 Bg7 4. e4 d6 5. Nge2 0-0 6. Ng3 e5 7. d5 c6 8. Be2 a6 9. Bg5 h6 10. Be3 c5 11. 0-0 Kh7 12. a3 h5 13. Bg5 Bh6 14. Qd2 Bxg5 15. Qxg5 Ng8 16. Qxd8 Rxd8 17. f4 Kg7 18. f5 Nf6 19. fxg6 fxg6 20. b4 h4 21. Nh1 Kf7 22. bxc5 dxc5 23. Nf2 Nbd7 24. Bg4 1/2-1/2